From postwar to postmodern : (Record no. 5825)

MARC details
000 -LEADER
fixed length control field 01066nam a22003255a 4500
001 - CONTROL NUMBER
control field 17509958
003 - CONTROL NUMBER IDENTIFIER
control field OSt
005 - DATE AND TIME OF LATEST TRANSACTION
control field 20260429170141.0
008 - FIXED-LENGTH DATA ELEMENTS--GENERAL INFORMATION
fixed length control field 121026s2013 nyu 000 0 eng
010 ## - LIBRARY OF CONGRESS CONTROL NUMBER
LC control number 2012952761
020 ## - INTERNATIONAL STANDARD BOOK NUMBER
International Standard Book Number 9780822353683
035 ## - SYSTEM CONTROL NUMBER
System control number 17509958
040 ## - CATALOGING SOURCE
Original cataloging agency DLC
Transcribing agency Foundation University
042 ## - AUTHENTICATION CODE
Authentication code pcc
050 ## - LIBRARY OF CONGRESS CALL NUMBER
Classification number N 7355
Item number .2012 F76
245 00 - TITLE STATEMENT
Title From postwar to postmodern :
Remainder of title art in Japan, 1945-1989 /
Statement of responsibility, etc. [edited by] Doryun Chong, Michio Hayashi, Fumihiko Sumitomo.
250 ## - EDITION STATEMENT
Edition statement 1st ed.
260 ## - PUBLICATION, DISTRIBUTION, ETC.
Place of publication, distribution, etc. New York, NY :
Name of publisher, distributor, etc. Museum of Modern Art,
Date of publication, distribution, etc. 2012.
263 ## - PROJECTED PUBLICATION DATE
Projected publication date 1301
264 ## - PRODUCTION, PUBLICATION, DISTRIBUTION, MANUFACTURE, AND COPYRIGHT NOTICE
Copyright Date 2012
300 ## - PHYSICAL DESCRIPTION
Extent 440 p.:
Materials specified books
Other physical details col. ill.
Dimensions 12 cm
Type of unit books
336 ## - CONTENT TYPE
Content type term text
Content type code txt
Source rdacontent
Materials specified books
337 ## - MEDIA TYPE
Media type term unmediated
Media type code n
Source rdamedia
Materials specified books
338 ## - CARRIER TYPE
Carrier type term volume
Carrier type code nc
Source rdacarrier
Materials specified books
490 0# - SERIES STATEMENT
Series statement Primary documents
906 ## - LOCAL DATA ELEMENT F, LDF (RLIN)
a 0
b ibc
c orignew
d 2
e epcn
f 20
g y-gencatlg
942 ## - ADDED ENTRY ELEMENTS (KOHA)
Source of classification or shelving scheme Library of Congress Classification
Koha item type Books
Classification part N 7355
Item part .2012 F76
Call number prefix (DAFA-FA)
Holdings
Withdrawn status Lost status Source of classification or shelving scheme Damaged status Not for loan Collection code Home library Current library Shelving location Date acquired Source of acquisition Total Checkouts Full call number Barcode Date last seen Price effective from Koha item type Accession Number
    Library of Congress Classification     Non-fiction Foundation University Library Foundation University Library DoArchitecture & Fine Arts 04/29/2026 Donations   (DAFA-FA) N 7355 .2012 F76 0192026003347 04/29/2026 04/29/2026 Books DAFA-2026347